000 01087nam a22003017a 4500
003 CHAP
005 20220329135037.0
008 971013s1950 r 00010 d
010 _a30039
011 _a31011
035 _a35123
040 _cCHAP
082 _a332.67
_bN32f
100 0 0 _aNaciones Unidas. Departamento de Asuntos Económicos.
_980014
245 _aFinanciamiento del desarrollo económico con recursos nacionales ; métodos para aumentar el ahorro nacional y para asegurar su utilización más provechosa con fines de desarrollo económico
260 _aNew York :
_bNaciones Unidas,
_c1950
300 _a266 p.
590 _aBATCH-UPD
_b10
_c20130110
_lUCH01
_h1121
590 _aBATCH-UPD
_b10
_c20130410
_lUCH01
_h0711
590 _aBATCH-UPD
_b10
_c20130914
_lUCH01
_h0254
590 _aBATCH-UPD
_b10
_c20130914
_lUCH01
_h2047
590 _aCONVERSION
_b10
_c20130109
_lUCH01
_h1317
650 1 4 _aAhorro e inversión.
_93105
650 1 4 _aInversiones.
_960178
901 _aBK
942 _cLIBRO
949 _a332.67 N32f
_bBC
_cLIBRO
_d33724000345963
_eLIBRO
_i35123
_si
999 _c30039
_d30039